000 00316nam a22001457a 4500
008 221012b ||||| |||| 00| 0 eng d
020 _a9780070476097
041 _aeng
080 _a573
082 _a573
100 _a16.1
101 _aBIO
245 _aGENERAL ORGANIC AND BIOLOGY
_cODIAN G
942 _2udc
_cBK
999 _c58513
_d58513